000 00390nam a2200157Ia 4500
008 180921t2017 xxu||||| |||| 00| 0 eng d
041 _aeng
080 _aX AVUKANA
_bRAL
100 _aRalapanava, Mahinda
245 _aAvukana Kalawewa
260 _bsarasavi publication
_aNugegoda
_c2017
300 _b44p, 18cm
942 _cBK
999 _c4477
_d4477
003 LK-CoDNM
040 _aLK-CoDNM
_dLK-CoDNM
_eLK-CoDNM